[Event "ROM-ch"]
[Site "Baile Olanesti"]
[Date "2010.02.05"]
[Round "7"]
[White "Stefanache, Mihail"]
[Black "Posedaru, Bogdan Stefan"]
[Result "1-0"]
[WhiteElo "2067"]
[BlackElo "2257"]
[PlyCount "89"]
[EventDate "2010.01.31"]
[EventType "swiss"]
[EventRounds "9"]
[EventCountry "ROU"]
[SourceTitle "CBM 134 Extra"]
[Source "ChessBase"]
[SourceDate "2010.03.03"]
[SourceVersion "1"]
[SourceVersionDate "2010.03.03"]
[SourceQuality "1"]

1. d4 d5 2. c4 e6 3. Nf3 c6 4. e3 Nf6 5. Nbd2 Nbd7 6. Bd3 Bd6 7. b3 0-0 8. Bb2 Qe7 9. Ne5 c5 10. 0-0 b6 11. Rc1 Bb7 12. Qe2 Rac8 13. cxd5 exd5 14. Ndf3 Ne4 15. Nxd7 Qxd7 16. Ne5 Qe7 17. Ba6 Bxa6 18. Qxa6 Rc7 19. Nf3 Rfc8 20. dxc5 bxc5 21. Qe2 c4 22. Bd4 Rc6 23. Rc2 a5 24. Rd1 a4 25. bxc4 dxc4 26. Bc3 a3 27. Nd4 Bxh2+ 28. Kf1 Nxc3 29. Nxc6 Rxc6 30. Rxc3 Be5 31. Rxc4 Rxc4 32. Qxc4 g6 33. Ke2 h5 34. Qd5 Kg7 35. Rd3 Bb2 36. Rb3 h4 37. Rb7 Qf6 38. Qc4 Qf5 39. f3 Qf6 40. Qd5 Qa6+ 41. Kf2 Qf6 42. f4 Bc1 43. Qe5 Bb2 44. Qxf6+ Kxf6 45. Kf3 1-0

[Event "Bucharest Romgaz op 2nd"]
[Site "Bucharest"]
[Date "2008.09.16"]
[Round "6"]
[White "Stefanache, Mihail"]
[Black "Podgursky, Sten"]
[Result "0-1"]
[WhiteElo "2098"]
[BlackElo "2260"]
[PlyCount "126"]
[EventDate "2008.09.11"]
[EventType "swiss"]
[EventRounds "9"]
[EventCountry "ROU"]
[SourceTitle "CBM 126 Extra"]
[Source "ChessBase"]
[SourceDate "2008.11.05"]
[SourceVersion "1"]
[SourceVersionDate "2008.11.05"]
[SourceQuality "1"]

1. d4 d5 2. c4 dxc4 3. Nf3 Nf6 4. e3 e6 5. Bxc4 a6 6. 0-0 c5 7. Nc3 b5 8. Bd3 Bb7 9. a3 Nbd7 10. Qe2 cxd4 11. exd4 Be7 12. Be3 0-0 13. Rad1 Rc8 14. Ne5 Nb6 15. Bb1 Nbd5 16. Nxd5 Qxd5 17. f4 g6 18. b4 Ne4 19. Bxe4 Qxe4 20. Rc1 Rfd8 21. Qd2 Qd5 22. Nd3 Bf6 23. Nc5 Rb8 24. Rfd1 h5 25. Rc2 Kg7 26. Qd3 Ra8 27. h3 Ra7 28. Nxb7 Rxb7 29. Rc5 Qd6 30. Qc2 Qb8 31. Rd2 Rbd7 32. Qe4 Rd5 33. Kf2 Be7 34. Rxd5 Rxd5 35. Rc2 Qd8 36. Bd2 Bf6 37. Bc3 Qd6 38. Ke3 h4 39. Bb2 Qd8 40. Rc5 Rd6 41. Bc3 Qd7 42. Bb2 Rd5 43. Bc3 Kg8 44. Bb2 Kg7 45. Bc3 Be7 46. Rxd5 exd5 47. Qd3 Qe6+ 48. Kf3 Bf6 49. Bd2 Qc8 50. Ke3 Be7 51. Kf3 f5 52. Qe2 Bf6 53. Qd3 Kf7 54. Qc3 Qc4 55. Qxc4 dxc4 56. Bc3 Ke7 57. Ke3 Kd6 58. Bb2 Kd5 59. Bc3 Be7 60. Be1 Bd8 61. Bc3 Bf6 62. Bb2 g5 63. Bc3 Bxd4+ 0-1

[Event "Bucharest Romgaz op 2nd"]
[Site "Bucharest"]
[Date "2008.09.14"]
[Round "4"]
[White "Stefanache, Mihail"]
[Black "Barzanu, Iulian"]
[Result "0-1"]
[WhiteElo "2098"]
[BlackElo "2246"]
[PlyCount "79"]
[EventDate "2008.09.11"]
[EventType "swiss"]
[EventRounds "9"]
[EventCountry "ROU"]
[SourceTitle "CBM 126 Extra"]
[Source "ChessBase"]
[SourceDate "2008.11.05"]
[SourceVersion "1"]
[SourceVersionDate "2008.11.05"]
[SourceQuality "1"]

1. d4 Nf6 2. c4 g6 3. Nc3 Bg7 4. e4 d6 5. Nf3 0-0 6. Be2 e5 7. 0-0 Nc6 8. d5 Ne7 9. Ne1 Ne8 10. Be3 f5 11. f3 f4 12. Bf2 g5 13. c5 Rf7 14. Nd3 Bf8 15. cxd6 cxd6 16. Rc1 h5 17. h3 Rg7 18. Nb5 Ng6 19. a4 a6 20. Na3 Nf6 21. Nc4 g4 22. hxg4 hxg4 23. fxg4 Nxe4 24. a5 Ng3 25. Be1 Rh7 26. Nf2 e4 27. Nh3 Nxf1 28. Bxf1 f3 29. gxf3 Nh4 30. fxe4 Bxg4 31. Qxg4+ Rg7 32. Qxg7+ Bxg7 33. Bg3 Nf3+ 34. Kh1 Rc8 35. Be2 Ne5 36. Bxe5 Bxe5 37. Rg1+ Kh8 38. Ng5 Qf6 39. Nh3 Qh4 40. Bf1 0-1

[Event "Bucharest Romgaz op 2nd"]
[Site "Bucharest"]
[Date "2008.09.11"]
[Round "1"]
[White "Azarov, Sergei Nikolaevich"]
[Black "Stefanache, Mihail"]
[Result "1-0"]
[WhiteElo "2605"]
[BlackElo "2098"]
[PlyCount "55"]
[EventDate "2008.09.11"]
[EventType "swiss"]
[EventRounds "9"]
[EventCountry "ROU"]
[SourceTitle "CBM 126 Extra"]
[Source "ChessBase"]
[SourceDate "2008.11.05"]
[SourceVersion "1"]
[SourceVersionDate "2008.11.05"]
[SourceQuality "1"]

1. e4 d6 2. d4 Nf6 3. Nc3 g6 4. Bg5 Bg7 5. f4 c5 6. d5 0-0 7. Qd2 a6 8. e5 Ne8 9. 0-0-0 Qc7 10. Nf3 Bg4 11. Be2 f6 12. Bh4 Bxf3 13. exd6 Nxd6 14. Bxf3 Bh6 15. Kb1 Nf5 16. Bg3 Nd7 17. Bg4 Nd4 18. d6 Qc6 19. dxe7 Rfe8 20. Rhe1 f5 21. Bf3 Nxf3 22. gxf3 Nf6 23. Bh4 Bg7 24. Bxf6 Qxf6 25. Qd5+ Kh8 26. Qd7 a5 27. Re6 Qf7 28. Nb5 1-0